书目信息 |
| 题名: |
Visual C++视频技术方案宝典
|
|
| 作者: | 宋坤 , 刘锐宁 , 马文强 编著 | |
| 分册: | ||
| 出版信息: | 北京 人民邮电出版社 2008.02 |
|
| 页数: | 625页 | |
| 开本: | 26cm | |
| 丛书名: | ||
| 单 册: | ||
| 中图分类: | TP312C | |
| 科图分类: | ||
| 主题词: | C语言--C yu yan--程序设计 | |
| 电子资源: | ||
| ISBN: | 978-7-115-17364-5 | |
| 000 | 00962nam0 2200265 450 | |
| 001 | 012008513438 | |
| 005 | 20080612170920.29 | |
| 010 | @a978-7-115-17364-5@dCNY75.00 (含光盘) | |
| 010 | @a978-7-89488-903-4@b光盘 | |
| 100 | @a20080612d2008 em y0chiy0120 ea | |
| 101 | 0 | @achi |
| 102 | @aCN@b110000 | |
| 105 | @aa z 000yy | |
| 106 | @ar | |
| 200 | 1 | @aVisual C++视频技术方案宝典@AVisual C++shi pin ji shu fang an bao dian@f宋坤, 刘锐宁, 马文强编著@Fsong kun,liu rui ning,ma wen qiang bian zhu |
| 210 | @a北京@c人民邮电出版社@d2008.02 | |
| 215 | @a625页@c图@d26cm@e光盘1片 | |
| 330 | @a本书从使用VisualC++进行视频开发所必须掌握的核心技术入手,通过各种实用方案深入介绍各种核心技术在实际开发中的应用。 | |
| 606 | 0 | @aC语言@AC yu yan@x程序设计 |
| 690 | @aTP312C@v4 | |
| 701 | 0 | @a宋坤@Asong kun@4编著 |
| 701 | 0 | @a刘锐宁@Aliu rui ning@4编著 |
| 701 | 0 | @a马文强@Ama wen qiang@4编著 |
| 801 | 0 | @aCN@bQSSK@c20080612 |
| 905 | @b726724@dTP312C@eS768@f1 | |
| Visual C++视频技术方案宝典/宋坤, 刘锐宁, 马文强编著.-北京:人民邮电出版社,2008.02 |
| 625页:图;26cm+光盘1片 |
| ISBN 978-7-115-17364-5:CNY75.00 (含光盘) |
| 本书从使用VisualC++进行视频开发所必须掌握的核心技术入手,通过各种实用方案深入介绍各种核心技术在实际开发中的应用。 |
| ● |
| 相关链接 |
|
|
|
正题名:Visual C++视频技术方案宝典
索取号:TP312C/S768
 
预约/预借
| 序号 | 登录号 | 条形码 | 馆藏地/架位号 | 状态 | 备注 |
| 1 | 726724 | 207267241 | 自科库301/301自科库 54排5列5层/ [索取号:TP312C/S768] | 在馆 |